2019 NFL Draft: First Round - Statistics

General Stats
  • This quiz has been taken 281 times
  • The average score is 15 of 32
Answer Stats
Pick School Position Answer % Correct
1 Oklahoma QB Kyler Murray
98%
2 Ohio St DE Nick Bosa
90%
6 Duke QB Daniel Jones
85%
8 Iowa TE T.J. Hockenson
75%
15 Ohio St QB Dwayne Haskins
73%
11 Alabama T Jonah Williams
72%
3 Alabama DT Quinnen Williams
72%
7 Kentucky DE Josh Allen
63%
5 LSU LB Devin White
62%
4 Clemson DE Clelin Ferrell
58%
20 Iowa TE Noah Fant
54%
24 Alabama RB Josh Jacobs
53%
10 Michigan LB Devin Bush
49%
25 Oklahoma WR Marquise Brown
47%
9 Houston DT Ed Oliver
45%
32 Arizona St WR N'Keal Harry
45%
17 Clemson DT Dexter Lawrence
39%
13 Clemson DT Christian Wilkins
37%
12 Michigan DE Rashan Gary
37%
21 Maryland S Darnell Savage
33%
19 Mississippi St DT Jeffery Simmons
33%
16 Florida St DE Brian Burns
31%
30 Georgia CB Deandre Baker
30%
26 Mississippi St DE Montez Sweat
30%
14 Boston College G Chris Lindstrom
29%
18 NC State C Garrett Bradbury
25%
27 Mississippi St S Johnathan Abram
25%
22 Washington St T Andre Dillard
20%
28 Notre Dame DT Jerry Tillery
19%
23 Alabama St T Tytus Howard
16%
29 TCU DE L.J. Collier
15%
31 Washington OT Kaleb McGary
13%
No matching quizzes found
Score Distribution
Percent of People with Each Score
Percentile by Number Answered
Your Score History
You have not taken this quiz